Experiments in biochemistry : a hands-on approach : a manual for the undergraduate laboratory /
| Autor Principal: | |
|---|---|
| Outros autores: | |
| Formato: | Libro |
| Idioma: | English |
| Publicado: |
Belmont, CA :
Thomson/Brooks/Cole,
c2006.
|
| Edición: | 2nd ed. |
| Subjects: | |
| Acceso en liña: | Contributor biographical information Publisher description Table of contents only |
| Classic Catalogue: | View this record in Classic Catalogue |
| LEADER | 01371nam a22003254a 4500 | ||
|---|---|---|---|
| 001 | 29094 | ||
| 003 | BD-DhAAL | ||
| 005 | 20150819121319.0 | ||
| 008 | 150819s2006 caua b 000 0 eng | ||
| 010 | |a 2004113417 | ||
| 020 | |a 049501317X | ||
| 040 | |a DLC |c DLC |d DLC |d BD-DhAAL | ||
| 042 | |a pcc | ||
| 050 | 0 | 0 | |a QP519 |b .F34 2006 |
| 082 | 0 | 0 | |a 612.015078 |2 22 |
| 100 | 1 | |a Farrell, Shawn O. |9 10294 | |
| 245 | 1 | 0 | |a Experiments in biochemistry : |b a hands-on approach : a manual for the undergraduate laboratory / |c Shawn O. Farrell, Lynn E. Taylor. |
| 250 | |a 2nd ed. | ||
| 260 | |a Belmont, CA : |b Thomson/Brooks/Cole, |c c2006. | ||
| 300 | |a xix, 375 p. : |b ill. ; |c 28 cm. | ||
| 504 | |a Includes bibliographical references. | ||
| 541 | |e 29094 | ||
| 650 | 0 | |a Biochemistry |v Laboratory manuals. |9 13963 | |
| 700 | 1 | |a Ranallo, Ryan T. |9 13964 | |
| 856 | 4 | 2 | |3 Contributor biographical information |u http://www.loc.gov/catdir/enhancements/fy1103/2004113417-b.html |
| 856 | 4 | 2 | |3 Publisher description |u http://www.loc.gov/catdir/enhancements/fy1103/2004113417-d.html |
| 856 | 4 | 1 | |3 Table of contents only |u http://www.loc.gov/catdir/enhancements/fy1103/2004113417-t.html |
| 942 | |2 ddc |c BK | ||
| 999 | |c 35292 |d 35292 | ||
| 952 | |0 0 |1 0 |2 ddc |4 0 |6 612_015078000000000_FAR |7 0 |9 55451 |a BRACUL |b BRACUL |c GEN |d 2015-08-19 |l 2 |m 56 |o 612.015078 FAR |p 3010029094 |r 2023-10-08 |s 2023-03-22 |t 1 |w 2015-08-19 |y BK | ||